Statistics for Next country in the alphabet

Click here to take the quiz!

General Stats

  • This quiz has been taken 15 times
  • The average score is 10 of 21

Answer Stats

After...Comes...% Correct
Yemen, Zambia...Zimbabwe
92%
Uzbekistan, Vanuatu...Vatican City
85%
Ethiopia, Fiji...Finland
69%
Guyana, Haiti...Honduras
62%
Italy, Jamaica...Japan
62%
Portugal, Qatar...Romania
62%
Iran, Iraq...Ireland
54%
Kiribati, Kosovo...Kuwait
54%
Albania, Algeria..Andorra
46%
Denmark, Djibouti...Dominica
46%
Latvia, Lebanon...Lesotho
46%
Tuvalu, Uganda...Ukraine
46%
China, Colombia...Comoros
38%
East Timor, Ecuador...Egypt
38%
Micronesia, Moldova...Monaco
38%
Myanmar, Namibia...Nauru
38%
Paraguay, Peru...Philippines
38%
Senegal, Serbia...Seychelles
38%
Tajikistan, Tanzania...Thailand
38%
Germany, Ghana...Greece
31%
Bangladesh, Barbados...Belarus
23%

Score Distribution

Percentile by Number Answered

Percent of People with Each Score

Your Score History

You have not taken this quiz